Teoretické a praktické aspekty nákupu na trhu podnikateľských subjektov a model nákupu v podniku habilitačná prednáška

Salvato in:
Dettagli Bibliografici
Autore principale: Oreský, Milan, 1956-
Ente Autore: Ekonomická univerzita v Bratislave. Obchodná fakulta
Altri autori: Kita, Jaroslav, Šimberová, Iveta, Matušovič, Marián
Natura: Libro
Lingua:slovacco
Pubblicazione: Bratislava Vydavateľstvo EKONÓM 2011
Serie:Habilitačné a inauguračné prednášky
Soggetti:
Tags: Aggiungi Tag
Nessun Tag, puoi essere il primo ad aggiungerne!!

MARC

LEADER 00000nam$a2200000$$$4500
001 0145430
005 20240502072622.2
020 |a 978-80-225-3345-4 
041 0 |a slo 
044 |a SK 
245 1 0 |a Teoretické a praktické aspekty nákupu na trhu podnikateľských subjektov a model nákupu v podniku  |b habilitačná prednáška  |c Milan Oreský 
264 1 |a Bratislava  |b Vydavateľstvo EKONÓM  |c 2011 
300 |a 90 s. 
490 1 |a Habilitačné a inauguračné prednášky 
830 0 |a Habilitačné a inauguračné prednášky 
610 2 0 |a nákup 
610 2 0 |a modely 
610 2 0 |a podnikanie 
100 1 |a Oreský, Milan, 1956- 
700 1 |a Kita, Jaroslav 
700 1 |a Šimberová, Iveta 
700 1 |a Matušovič, Marián 
710 2 |a Ekonomická univerzita v Bratislave. Obchodná fakulta